Dôchodkový a tovarový aspekt nerealizovanej kúpnej sily vo vnútornom obchode SSR

Salvato in:
Dettagli Bibliografici
Autore principale: Kita, Jaroslav
Natura: Capitolo di libro
Lingua:slovacco
Tags: Aggiungi Tag
Nessun Tag, puoi essere il primo ad aggiungerne!!

MARC

LEADER 00000naa a2200000 4500
001 0129413
005 20240618120846.6
041 0 |a slo 
044 |a SK 
245 1 0 |a Dôchodkový a tovarový aspekt nerealizovanej kúpnej sily vo vnútornom obchode SSR  |c Jaroslav Kita 
100 1 |a Kita, Jaroslav